000 00885nam a22002777a 4500
001 BR2010004597
003 BR-BrBNA
005 20230928103349.0
007 ta
008 230509b bl.||||| |||| 00| 0 por d
040 _aBR-BrBNA
_bpor
_cBiblioteca Nacional de Agricultura
041 _a(Spa, Por)
072 _aE14; E16
_b9538
090 _ 9538 BR2010004597
110 1 _aPrograma de Produção Sustentável Palma de Óleo, Brasília, DF (Brasil)
_97983
245 1 _aPrograma de produção sustentável da palma de óleo no Brasil; programa de producción sostenible de la palma de oleo em el Brasil
260 3 _aBrasília, DF (Brasil):
_c[nd].
300 _avp.
650 _aDENDÊ
650 _aÓLEO
650 _aPLANTA OLEAGINOSA
650 _aPROJETO AGRÍCOLA
650 _aAGRICULTURA SUSTENTÁVEL
909 _a202309
_bLucia
_c55
_dLucia Elande
942 _cBK
999 _c74785
_d74785